[Event "Skakmot odlinga 2016"]
[Site "Faxafen 12, Reykjavik"]
[Date "2016.04.13"]
[Round "3.5"]
[White "Haraldsson, Sigurjon"]
[Black "Valdimarsson, Einar"]
[Result "1-0"]
[WhiteElo "1782"]
[BlackElo "2029"]
[PlyCount "85"]
[EventDate "2016.03.30"]

1. d4 c6 2. e4 d5 3. Nd2 dxe4 4. Nxe4 Bf5 5. Ng3 Bg6 6. Nf3 e6 7. h4 h6 8. Ne5
Bh7 9. Bd3 Bxd3 10. Qxd3 Nd7 11. Nf3 Ngf6 12. Bd2 Bd6 13. Ne4 Nxe4 14. Qxe4 Nf6
15. Qe2 Bc7 16. O-O-O Qd5 17. c4 Qf5 18. Ne5 Bxe5 19. dxe5 Nd7 20. Rhe1 h5 21.
Bg5 Nb6 22. b3 O-O 23. Rd3 f6 24. exf6 gxf6 25. Rg3 Rf7 26. Bxf6+ Kf8 27. Be5
Rd8 28. Rf3 Qg4 29. Rxf7+ Kxf7 30. Qxg4 hxg4 31. Re4 Rg8 32. h5 Rg5 33. h6 Kg8
34. Bg7 Rg6 35. Rd4 Rg5 36. Rd8+ Kh7 37. Rb8 Rf5 38. Rxb7 e5 39. Bxe5+ Kxh6 40.
Bd4 c5 41. Be3+ Kg6 42. Rxa7 Nc8 43. Rc7 1-0

[Event "Skakmot odlinga 2016"]
[Site "Faxafen 12, Reykjavik"]
[Date "2016.04.13"]
[Round "3.6"]
[White "Jonsson, Olafur Gisli"]
[Black "Ontiveros, John"]
[Result "1-0"]
[WhiteElo "1904"]
[BlackElo "1729"]
[PlyCount "77"]
[EventDate "2016.03.30"]

1. d4 d5 2. Nf3 c5 3. c4 cxd4 4. cxd5 Nf6 5. Nxd4 g6 6. Qa4+ Nbd7 7. Nc3 a6 8.
g3 b5 9. Ndxb5 Bb7 10. Na3 Nxd5 11. Nxd5 Bxd5 12. e4 Bb7 13. Bg2 Bg7 14. O-O
O-O 15. Rd1 Nc5 16. Qc2 Nd7 17. Be3 Rc8 18. Qd2 Ne5 19. f3 Qxd2 20. Rxd2 f5 21.
Rad1 fxe4 22. fxe4 Ng4 23. Bg5 Nf6 24. Re1 h6 25. Bf4 Rfd8 26. e5 Rxd2 27. Bxd2
Nd5 28. b3 e6 29. Nc4 Rc5 30. Bc1 Bc8 31. Ba3 Rc7 32. Bd6 Rd7 33. Bxd5 exd5 34.
Nb6 Rd8 35. Nxd5 Bxe5 36. Rxe5 Rxd6 37. Ne7+ Kf7 38. Nxc8 Rd1+ 39. Kf2 1-0

[Event "Skakmot odlinga 2016"]
[Site "Faxafen 12, Reykjavik"]
[Date "2016.04.13"]
[Round "3.7"]
[White "Kristjansson, Arni H"]
[Black "Jonasson, Hordur"]
[Result "1-0"]
[WhiteElo "1894"]
[BlackElo "1536"]
[PlyCount "85"]
[EventDate "2016.03.30"]

1. e4 e5 2. Nf3 Nc6 3. Bb5 a6 4. Ba4 Nf6 5. d3 b5 6. Bb3 Be7 7. O-O d6 8. c3
Bg4 9. a4 O-O 10. Bg5 Na5 11. axb5 axb5 12. Nbd2 Nxb3 13. Qxb3 c6 14. Qc2 h6
15. Be3 Nd7 16. h3 Be6 17. d4 f5 18. exf5 Bxf5 19. Qb3+ Kh8 20. dxe5 Nxe5 21.
Nd4 Qd7 22. Nxf5 Qxf5 23. Bd4 Bg5 24. Rxa8 Rxa8 25. Bxe5 dxe5 26. Nf3 e4 27.
Nxg5 Qxg5 28. Qe6 Qd5 29. Qxd5 cxd5 30. Rd1 Rd8 31. Kf1 Kg8 32. Ke2 Kf7 33. Ke3
Ke6 34. Ra1 Kd6 35. Kd4 Rf8 36. Ra6+ Kc7 37. Ke3 Kb7 38. Rd6 Rf5 39. Rd7+ Kc6
40. Rxg7 h5 41. b4 Kd6 42. Rg6+ Kc7 43. h4 1-0

[Event "Skakmot odlinga 2016"]
[Site "Faxafen 12, Reykjavik"]
[Date "2016.04.13"]
[Round "3.8"]
[White "Kristbergsson, Bjorgvin"]
[Black "Eliasson, Kristjan Orn"]
[Result "0-1"]
[WhiteElo "1100"]
[BlackElo "1861"]
[PlyCount "57"]
[EventDate "2016.03.30"]

1. c4 g6 2. d4 Bg7 3. Nf3 d6 4. Nc3 Nf6 5. h3 O-O 6. g4 Nc6 7. a3 Bd7 8. b4 Re8
9. Bb2 e5 10. d5 Nd4 11. Nxd4 exd4 12. Nb5 a6 13. Nxd4 Ne4 14. Qd3 Qh4 15. Rh2
Bxg4 16. O-O-O Bd7 17. Qf3 Qh6+ 18. e3 c5 19. dxc6 bxc6 20. Bd3 Ng5 21. Qg3 c5
22. h4 Ne4 23. Bxe4 Rxe4 24. Qxd6 Bg4 25. Qd5 Rae8 26. Nc2 Bxb2+ 27. Kxb2 Qg7+
28. Kc1 Qc3 29. Rd2 0-1

[Event "Skakmot odlinga 2016"]
[Site "Faxafen 12, Reykjavik"]
[Date "2016.04.13"]
[Round "3.9"]
[White "Geirsson, Kristjan"]
[Black "Maack, Kjartan"]
[Result "0-1"]
[WhiteElo "1492"]
[BlackElo "2110"]
[PlyCount "84"]
[EventDate "2016.03.30"]

1. e4 e6 2. d4 d5 3. Nc3 Nf6 4. e5 Nfd7 5. Nf3 c5 6. Bf4 Nc6 7. a3 a6 8. Ne2 b6
9. c3 Be7 10. h4 Bb7 11. Ng3 h6 12. Nh5 Bf8 13. Bd3 Qc7 14. Qe2 c4 15. Bc2
O-O-O 16. O-O g6 17. Ng3 f5 18. b3 cxb3 19. Bxb3 Na5 20. Rfb1 Be7 21. Qd2 Bf8
22. Ra2 Kb8 23. Nf1 Rc8 24. Rc2 b5 25. a4 Nxb3 26. Rxb3 bxa4 27. Rxb7+ Kxb7 28.
Ne3 Qa5 29. c4 Qxd2 30. Nxd2 dxc4 31. Ndxc4 Ka7 32. Ra2 a3 33. Nxa3 Bxa3 34.
Rxa3 Nb6 35. Ra5 Rc1+ 36. Nf1 Rc4 37. Be3 Nd5 38. Nd2 Rc1+ 39. Nf1 Nxe3 40.
fxe3 Rhc8 41. Ra2 R8c2 42. Rxc2 Rxc2 0-1

[Event "Skakmot odlinga 2016"]
[Site "Faxafen 12, Reykjavik"]
[Date "2016.04.13"]
[Round "3.10"]
[White "Gardarsson, Hordur"]
[Black "Valtysson, Thor"]
[Result "0-1"]
[WhiteElo "1731"]
[BlackElo "1946"]
[PlyCount "65"]
[EventDate "2016.03.30"]

1. d4 d5 2. c4 c6 3. Nc3 Nf6 4. Nf3 e6 5. e3 Nbd7 6. Bd3 Be7 7. b3 O-O 8. Bb2
b6 9. O-O Bb7 10. Rc1 Rc8 11. Bb1 Qc7 12. cxd5 exd5 13. Qd3 g6 14. Ne2 Bd6 15.
Ng3 Rfe8 16. Ng5 Nf8 17. f4 Qe7 18. e4 dxe4 19. N5xe4 Nxe4 20. Nxe4 Nd7 21. d5
cxd5 22. Rxc8 Rxc8 23. Nxd6 Qxd6 24. Kh1 f6 25. h4 Kf7 26. h5 Rg8 27. Qh3 Rg7
28. hxg6+ hxg6 29. Qh8 Nf8 30. Be5 Qc6 31. f5 gxf5 32. Qh5+ Kg8 33. Bh2 0-1

[Event "Skakmot odlinga 2016"]
[Site "Faxafen 12, Reykjavik"]
[Date "2016.04.13"]
[Round "3.12"]
[White "Bjarnason, Larus H"]
[Black "Gardarsson, Halldor"]
[Result "0-1"]
[WhiteElo "1650"]
[BlackElo "1788"]
[PlyCount "112"]
[EventDate "2016.03.30"]

1. e4 e5 2. Nf3 Nc6 3. Bc4 h6 4. Nc3 Nf6 5. d3 Bb4 6. h3 O-O 7. O-O Bxc3 8.
bxc3 d6 9. Nh2 Na5 10. Bb3 Nxb3 11. cxb3 d5 12. exd5 Qxd5 13. Be3 Bf5 14. d4 e4
15. f4 exf3 16. Nxf3 Qe4 17. Qd2 Nd5 18. Bxh6 gxh6 19. Rae1 Qf4 20. Qxf4 Nxf4
21. Ne5 Nd3 22. Nxd3 Bxd3 23. Rf3 Bg6 24. Re7 Rac8 25. g4 Rfe8 26. Rd7 Kf8 27.
h4 h5 28. g5 Re7 29. Rxe7 Kxe7 30. a3 Re8 31. Kf2 Kd6 32. Kg3 Re4 33. Rf6+ Kd5
34. Rf3 Rg4+ 35. Kh3 Ke4 36. Rf1 Kd3 37. Re1 c6 38. Re7 Kxc3 39. Rxb7 Rxd4 40.
b4 a5 41. bxa5 c5 42. a6 Ra4 43. Rc7 c4 44. a7 Rxa3 45. Kh2 Kd3 46. Rd7+ Kc2
47. Kg1 c3 48. Kf2 Kc1 49. Ke1 Ra5 50. Re7 Ra4 51. Re3 c2 52. Re7 Kb2 53. Rb7+
Kc3 54. Rc7+ Kd3 55. Rd7+ Ke3 56. Re7+ Be4 0-1

[Event "Skakmot odlinga 2016"]
[Site "Faxafen 12, Reykjavik"]
[Date "2016.04.13"]
[Round "3.13"]
[White "Sigurvaldason, Hjalmar"]
[Black "Nikulasson, Gunnar"]
[Result "1-0"]
[WhiteElo "1426"]
[BlackElo "1607"]
[PlyCount "79"]
[EventDate "2016.03.30"]

1. d4 d5 2. c4 c6 3. cxd5 cxd5 4. Nc3 Nc6 5. Nf3 Nf6 6. g3 Bf5 7. a3 e6 8. Bf4
Ne4 9. Nxe4 Bxe4 10. Be3 e5 11. dxe5 Nxe5 12. Bg2 Nc4 13. Bd4 Rc8 14. O-O f6
15. Qa4+ Qd7 16. Qxd7+ Kxd7 17. Bh3+ f5 18. Ne5+ Nxe5 19. Bxe5 Ke6 20. Bd4 Rc4
21. Bxa7 g5 22. f3 Bc2 23. Rac1 Bd6 24. e4 dxe4 25. fxe4 g4 26. exf5+ Kf6 27.
Bxg4 Rhc8 28. Bf3 Be5 29. Bxb7 R8c7 30. Bd5 Ra4 31. Bb6 Rc8 32. Be6 Rc6 33.
Bd8+ Kg7 34. f6+ Kg6 35. Bd7 Bd4+ 36. Kg2 Be4+ 37. Kh3 Rxc1 38. Rxc1 Ra7 39.
Be8+ Kh6 40. Rc4 1-0

[Event "Skakmot odlinga 2016"]
[Site "Faxafen 12, Reykjavik"]
[Date "2016.04.20"]
[Round "4.1"]
[White "Olafsson, Thorvardur"]
[Black "Kristinsson, Magnus"]
[Result "1-0"]
[WhiteElo "2195"]
[BlackElo "1822"]
[PlyCount "45"]
[EventDate "2016.03.30"]

1. d4 Nf6 2. c4 g6 3. Nc3 d5 4. Nf3 Bg7 5. Bg5 c6 6. e3 O-O 7. Qb3 e6 8. Ne5
Qa5 9. f4 Re8 10. Bxf6 Bxf6 11. Bd3 Nd7 12. O-O Qc7 13. Rac1 Bg7 14. cxd5 exd5
15. Nxd5 Qd6 16. Nb6 Nxe5 17. fxe5 Qe7 18. Nxa8 Be6 19. Bc4 Bxc4 20. Qxc4 Rxa8
21. Rf3 Bh6 22. Rcf1 Rf8 23. b4 1-0

[Event "Skakmot odlinga 2016"]
[Site "Faxafen 12, Reykjavik"]
[Date "2016.04.20"]
[Round "4.2"]
[White "Jonsson, Olafur Gisli"]
[Black "Sigfusson, Sigurdur"]
[Result "1-0"]
[WhiteElo "1904"]
[BlackElo "2299"]
[PlyCount "101"]
[EventDate "2016.03.30"]

1. e4 e5 2. Nf3 Nc6 3. Bc4 Nf6 4. d3 h6 5. c3 g6 6. Nbd2 Bg7 7. Nf1 O-O 8. Ng3
d5 9. Bb3 Be6 10. O-O Qe7 11. Bc2 Rad8 12. Qe2 a6 13. h3 b5 14. b3 Nd7 15. Be3
f5 16. exf5 gxf5 17. Nh5 f4 18. Bd2 Bh8 19. Rae1 Rde8 20. d4 Bf5 21. Bxf5 Rxf5
22. Nxe5 Ndxe5 23. dxe5 Qf7 24. Nxf4 Rxf4 25. Bxf4 Qxf4 26. Qd3 Nxe5 27. Qxd5+
Qf7 28. Qe4 Kf8 29. Re3 Bf6 30. Rfe1 Re7 31. Qa8+ Kg7 32. Qxa6 c6 33. Qc8 Bh4
34. Rf1 Ng6 35. Rxe7 Bxe7 36. Qxc6 Qf5 37. Re1 Ne5 38. Qe4 Qxe4 39. Rxe4 Kf6
40. a4 Kf5 41. f3 Bc5+ 42. Kf1 bxa4 43. Rxa4 Bd6 44. Ke2 Ng6 45. Re4 Nf4+ 46.
Kf1 Ne6 47. b4 Ng5 48. Re8 h5 49. Ke2 h4 50. b5 Bc5 51. Rh8 1-0

[Event "Skakmot odlinga 2016"]
[Site "Faxafen 12, Reykjavik"]
[Date "2016.04.20"]
[Round "4.3"]
[White "Sigurjonsson, Siguringi"]
[Black "Arnalds, Stefan"]
[Result "0-1"]
[WhiteElo "1971"]
[BlackElo "2007"]
[PlyCount "62"]
[EventDate "2016.03.30"]

1. Nf3 Nf6 2. c4 g6 3. b4 Bg7 4. Bb2 O-O 5. g3 d5 6. cxd5 Nxd5 7. Bxg7 Kxg7 8.
Qb3 a5 9. b5 c6 10. a4 Bg4 11. Bg2 f6 12. O-O Qd7 13. Na3 e5 14. d3 Nb4 15.
Rfe1 h5 16. Nd2 h4 17. Nac4 hxg3 18. hxg3 Qd4 19. Rac1 Rh8 20. Ne3 Bh3 21. Bh1
Qd7 22. Nf3 Be6 23. Qb2 Nd5 24. Nc4 Qe7 25. Red1 Nd7 26. e4 Nb4 27. d4 Bg4 28.
dxe5 Rxh1+ 29. Kxh1 Bxf3+ 30. Kg1 Rh8 31. exf6+ Nxf6 0-1

[Event "Skakmot odlinga 2016"]
[Site "Faxafen 12, Reykjavik"]
[Date "2016.04.20"]
[Round "4.4"]
[White "Eliasson, Kristjan Orn"]
[Black "Kristjansson, Arni H"]
[Result "1/2-1/2"]
[WhiteElo "1861"]
[BlackElo "1894"]
[PlyCount "46"]
[EventDate "2016.03.30"]

1. e4 e6 2. Nf3 d5 3. exd5 exd5 4. d4 Bd6 5. h3 Bf5 6. Nc3 c6 7. Be3 Ne7 8. Qd2
Nd7 9. Be2 Nf6 10. a3 Qa5 11. O-O O-O 12. Nh4 Bg6 13. Nxg6 hxg6 14. Ne4 Qxd2
15. Nxf6+ gxf6 16. Bxd2 Rfe8 17. Bd3 Kg7 18. Rfe1 Ng8 19. Rxe8 Rxe8 20. Re1
Rxe1+ 21. Bxe1 f5 22. g3 Nf6 23. f3 Nd7 1/2-1/2

[Event "Skakmot odlinga 2016"]
[Site "Faxafen 12, Reykjavik"]
[Date "2016.04.20"]
[Round "4.5"]
[White "Gardarsson, Halldor"]
[Black "Haraldsson, Sigurjon"]
[Result "1-0"]
[WhiteElo "1788"]
[BlackElo "1782"]
[PlyCount "95"]
[EventDate "2016.03.30"]

1. d4 Nf6 2. c4 g6 3. Nc3 d5 4. cxd5 Nxd5 5. e4 Nxc3 6. bxc3 Bg7 7. Bc4 O-O 8.
Ne2 c5 9. Be3 Nc6 10. d5 Ne5 11. Qb3 a6 12. Ng3 Bd7 13. Be2 Qc7 14. O-O b5 15.
h3 c4 16. Qc2 Rac8 17. Bd4 b4 18. Qd2 Bb5 19. Rab1 Nd3 20. Bxg7 Kxg7 21. Bg4
Rcd8 22. Ne2 Ne5 23. Rxb4 h5 24. Bf3 Nxf3+ 25. gxf3 Bd7 26. Qd4+ f6 27. Kg2 Qd6
28. f4 Rc8 29. Qb6 Rc5 30. Qxd6 exd6 31. Rb7 Rf7 32. Rb6 f5 33. f3 Ra5 34. Ra1
Ba4 35. Nd4 Kh7 36. Ne6 Re7 37. Rxd6 Rb7 38. Nf8+ Kg8 39. Nxg6 Bc2 40. e5 Ra3
41. e6 Rb2 42. e7 Ba4+ 43. Kg3 Rxc3 44. Ne5 Kh7 45. Rg1 Rb7 46. Ng6 Be8 47.
Nf8+ Kh8 48. Kh4 1-0

[Event "Skakmot odlinga 2016"]
[Site "Faxafen 12, Reykjavik"]
[Date "2016.04.20"]
[Round "4.6"]
[White "Maack, Kjartan"]
[Black "Traustason, Ingi Tandri"]
[Result "0-1"]
[WhiteElo "2110"]
[BlackElo "1916"]
[PlyCount "79"]
[EventDate "2016.03.30"]

1. c4 e5 2. g3 Nf6 3. Bg2 Nc6 4. Nc3 Bc5 5. a3 a5 6. e3 O-O 7. Nge2 Re8 8. O-O
e4 9. Qc2 Qe7 10. Nd5 Nxd5 11. cxd5 Nd8 12. Bxe4 Qxe4 13. Qxc5 b6 14. Qd4 Qf3
15. Nc3 Bb7 16. e4 c6 17. d3 Ba6 18. Rd1 cxd5 19. Qxd5 Ne6 20. Be3 Rab8 21.
Rac1 Nc5 22. b4 Bb7 23. Qd6 Ne6 24. Nd5 h5 25. h4 axb4 26. axb4 b5 27. Ne7+ Kh8
28. Nf5 Rbc8 29. Qxd7 Bxe4 30. dxe4 Rcd8 31. Qxd8 Nxd8 32. Nd6 Rf8 33. Nxb5 Nc6
34. Bc5 Rb8 35. Nd6 Nxb4 36. Rb1 Nc6 37. Rxb8+ Nxb8 38. Rb1 Nc6 39. Be3 Ne5 40.
Bf4 {Flag} 0-1

[Event "Skakmot odlinga 2016"]
[Site "Faxafen 12, Reykjavik"]
[Date "2016.04.20"]
[Round "4.7"]
[White "Valtysson, Thor"]
[Black "Sigurvaldason, Hjalmar"]
[Result "1-0"]
[WhiteElo "1946"]
[BlackElo "1426"]
[PlyCount "75"]
[EventDate "2016.03.30"]

1. d4 Nf6 2. Nf3 g6 3. Bg5 Ne4 4. Bh4 c5 5. dxc5 Qa5+ 6. c3 Qxc5 7. e3 Bg7 8.
Bd3 Nf6 9. O-O Nc6 10. Nbd2 O-O 11. Bxf6 exf6 12. Nb3 Qe7 13. Be2 Rd8 14. Qd2
b6 15. Rfd1 d5 16. Nfd4 Nxd4 17. Nxd4 Bb7 18. Bf3 f5 19. Qc2 Bxd4 20. Rxd4 Rd7
21. Rad1 Rad8 22. g3 Qc5 23. Kg2 b5 24. h4 h5 25. Qe2 Qb6 26. R1d2 Bc6 27. Kh2
a6 28. Bxh5 gxh5 29. Qxh5 Bb7 30. Qxf5 Qg6 31. Rg4 Qxg4 32. Qxg4+ Kf8 33. Rd4
Rd6 34. Rf4 Bc8 35. Qh5 Be6 36. Qh8+ Ke7 37. Qf6+ Kd7 38. h5 1-0

[Event "Skakmot odlinga 2016"]
[Site "Faxafen 12, Reykjavik"]
[Date "2016.04.20"]
[Round "4.8"]
[White "Valdimarsson, Einar"]
[Black "Geirsson, Kristjan"]
[Result "1/2-1/2"]
[WhiteElo "2029"]
[BlackElo "1492"]
[PlyCount "91"]
[EventDate "2016.03.30"]

1. e4 e5 2. g3 Nf6 3. Bg2 Bc5 4. d3 d5 5. exd5 Nxd5 6. Nc3 Bb4 7. Bd2 Be6 8.
Qe2 Nc6 9. Nf3 Nxc3 10. bxc3 Bd6 11. Ng5 Qd7 12. Nxe6 Qxe6 13. O-O O-O 14. Rfe1
Rfe8 15. a4 Bc5 16. Rab1 Rab8 17. Rb5 Qd6 18. d4 Ba3 19. Bxc6 Qxc6 20. Rxe5
Rxe5 21. Qxe5 Bd6 22. Qb5 Qxb5 23. axb5 a5 24. c4 b6 25. Be3 Kf8 26. c5 Be7 27.
c4 a4 28. Ra1 Ra8 29. cxb6 cxb6 30. d5 Bd8 31. c5 bxc5 32. Bxc5+ Ke8 33. b6 Kd7
34. b7 Rb8 35. Rb1 a3 36. Bxa3 Kc7 37. Bb4 Bf6 38. Ba5+ Kd6 39. Kg2 Bd4 40. Bd2
f6 41. Bf4+ Be5 42. Be3 Kc7 43. d6+ Bxd6 44. Bb6+ Kc6 45. Be3 Rxb7 46. Rxb7
1/2-1/2

[Event "Skakmot odlinga 2016"]
[Site "Faxafen 12, Reykjavik"]
[Date "2016.04.20"]
[Round "4.9"]
[White "Ontiveros, John"]
[Black "Saemundsson, Bjarni"]
[Result "1-0"]
[WhiteElo "1729"]
[BlackElo "1870"]
[PlyCount "83"]
[EventDate "2016.03.30"]

1. e4 c5 2. Nf3 d6 3. c3 Nf6 4. d3 g6 5. Be2 Nc6 6. O-O Bg7 7. Bf4 O-O 8. Nbd2
e5 9. Bg5 Be6 10. d4 cxd4 11. cxd4 exd4 12. Nb3 Qb6 13. Nfxd4 Nxd4 14. Nxd4
Nxe4 15. Nxe6 fxe6 16. Be3 Qxb2 17. Qd3 d5 18. Bg4 Rae8 19. Rab1 Qxa2 20. Rxb7
a5 21. Qa6 d4 22. Qa7 Bf6 23. Bh6 Nd6 24. Rg7+ Kh8 25. Rxh7+ Kg8 26. Bxf8 Rxf8
27. Rh6 Rf7 28. Qb8+ Rf8 29. Qxd6 Kg7 30. Bxe6 Qe2 31. Rh3 Re8 32. Bd5 Re5 33.
Rf3 Be7 34. Rf7+ Kh6 35. Qd7 d3 36. Bf3 Qe1 37. Qh3+ Kg5 38. Qg4+ Kh6 39. h4 d2
40. Qf4+ g5 41. hxg5+ Bxg5 42. Qh2+ 1-0

[Event "Skakmot odlinga 2016"]
[Site "Faxafen 12, Reykjavik"]
[Date "2016.04.20"]
[Round "4.10"]
[White "Bragason, Arnfinnur"]
[Black "Hreinsson, Arnthor"]
[Result "0-1"]
[WhiteElo "1467"]
[BlackElo "1542"]
[PlyCount "68"]
[EventDate "2016.03.30"]

1. d4 Nf6 2. Bf4 d6 3. e3 g6 4. h3 Bg7 5. Nf3 c6 6. Bd3 Nbd7 7. Nc3 O-O 8. O-O
Qc7 9. Be2 Rd8 10. Qc1 a6 11. a3 b5 12. Nd2 Bb7 13. Bf3 e5 14. dxe5 dxe5 15.
Bg3 Rac8 16. Nde4 Nd5 17. Rd1 h6 18. Ne2 f5 19. N4c3 Qb6 20. Bxd5+ cxd5 21.
Nxd5 Qe6 22. Nec3 Nc5 23. Nb4 a5 24. Rxd8+ Rxd8 25. Nba2 Qc6 26. Qf1 Rd2 27.
Rc1 Ne4 28. Nxe4 Qxe4 29. Nc3 Qc6 30. Nxb5 f4 31. exf4 e4 32. f5 e3 33. Nc3
Bxc3 34. f3 e2 0-1

[Event "Skakmot odlinga 2016"]
[Site "Faxafen 12, Reykjavik"]
[Date "2016.04.20"]
[Round "4.11"]
[White "Jonasson, Hordur"]
[Black "Bjarnason, Larus H"]
[Result "1-0"]
[WhiteElo "1536"]
[BlackElo "1650"]
[PlyCount "85"]
[EventDate "2016.03.30"]

1. e4 c6 2. d4 d5 3. Nc3 dxe4 4. Nxe4 Bf5 5. Ng3 Bg6 6. h4 h6 7. Nf3 e6 8. Bd3
Bxd3 9. Qxd3 Nf6 10. Bd2 Nbd7 11. O-O-O Qc7 12. Ne4 O-O-O 13. Qe2 Nxe4 14. Qxe4
Bd6 15. g3 Nf6 16. Qe2 Rhe8 17. Rhe1 Nd7 18. Ne5 Nxe5 19. dxe5 Bc5 20. Bc3 Qb6
21. Rxd8+ Rxd8 22. Rf1 Rd5 23. f4 Be3+ 24. Kb1 Bf2 25. g4 Bxh4 26. f5 Qd8 27.
fxe6 fxe6 28. a3 Rd7 29. Bb4 Be7 30. Bc3 Qb6 31. Ka1 Bc5 32. Rf4 Qd8 33. b4
Rd1+ 34. Kb2 Bd4 35. Bxd4 Rxd4 36. Rf7 Rd7 37. Qf3 Rxf7 38. Qxf7 Qd4+ 39. c3
Qxe5 40. Qe8+ Kc7 41. Qe7+ Kb6 42. Qd8+ Kb5 43. Qa5+ 1-0

[Event "Skakmot odlinga 2016"]
[Site "Faxafen 12, Reykjavik"]
[Date "2016.04.27"]
[Round "5.1"]
[White "Olafsson, Thorvardur"]
[Black "Jonsson, Olafur Gisli"]
[Result "0-1"]
[WhiteElo "2195"]
[BlackElo "1904"]
[PlyCount "84"]
[EventDate "2016.03.30"]

1. d4 d5 2. c4 c6 3. Nf3 Nf6 4. e3 e6 5. b3 Nbd7 6. Bb2 Ne4 7. Bd3 f5 8. O-O
Be7 9. Ba3 O-O 10. Qc1 Rf6 11. Bxe7 Qxe7 12. Qa3 Qf7 13. Ne5 Nxe5 14. dxe5 Rh6
15. f4 b6 16. Bxe4 fxe4 17. Qd6 Bb7 18. Nc3 Rf8 19. a4 c5 20. a5 d4 21. Nd1 Qh5
22. h3 Rg6 23. Nf2 dxe3 24. Ng4 Qh4 25. Nxe3 Qxh3 26. Rae1 Qh4 27. f5 Rh6 28.
f6 Qh2+ 29. Kf2 Rhxf6+ 30. Ke2 Qh5+ 31. Kd2 Rf2+ 32. Rxf2 Rxf2+ 33. Kc3 Qe8 34.
Rh1 Rf7 35. Qd1 Qd7 36. Qe1 Qd4+ 37. Kc2 Rd7 38. Qh4 Qd3+ 39. Kb2 h6 40. Ng4
Qd2+ 41. Kb1 Rd3 42. Rh3 Qd1+ 0-1

[Event "Skakmot odlinga 2016"]
[Site "Faxafen 12, Reykjavik"]
[Date "2016.04.27"]
[Round "5.2"]
[White "Arnalds, Stefan"]
[Black "Kristinsson, Magnus"]
[Result "1-0"]
[WhiteElo "2007"]
[BlackElo "1822"]
[PlyCount "129"]
[EventDate "2016.03.30"]

1. d4 Nf6 2. c4 g6 3. Nc3 d5 4. cxd5 Nxd5 5. e4 Nxc3 6. bxc3 Bg7 7. Bc4 c5 8.
Ne2 Nc6 9. Be3 O-O 10. O-O Qc7 11. Rc1 Rd8 12. h3 b6 13. Bd3 Bb7 14. d5 Ne5 15.
f4 Nxd3 16. Qxd3 c4 17. Qc2 e6 18. dxe6 Rd3 19. exf7+ Qxf7 20. Bd4 Bxe4 21.
Bxg7 Kxg7 22. Rce1 Re8 23. Nc1 Rf3 24. Rxe4 Rxf1+ 25. Kxf1 Qf5 26. Re2 Qxf4+
27. Rf2 Qe3 28. Qd2 Qe6 29. Ne2 Re7 30. Qd4+ Kg8 31. Qg4 Qxg4 32. hxg4 g5 33.
Rf5 h6 34. Kf2 Kg7 35. Kf3 Kg6 36. Rd5 Rf7+ 37. Ke3 Re7+ 38. Kf3 Rf7+ 39. Ke4
Rf2 40. Rd6+ Kg7 41. Rd7+ Kg6 42. Rd6+ Kg7 43. Rd7+ Kg6 44. Ke3 Rxg2 45. Kf3
Rh2 46. Rxa7 h5 47. gxh5+ Rxh5 48. Ra6 Rh3+ 49. Ng3 Rh2 50. Rxb6+ Kf7 51. a4
Ra2 52. Ne4 Rxa4 53. Nxg5+ Ke7 54. Ke3 Ra5 55. Ne4 Kd7 56. Kd4 Kc7 57. Rg6 Ra1
58. Kxc4 Re1 59. Kd4 Rd1+ 60. Kc5 Re1 61. Rg7+ Kc8 62. Nd6+ Kb8 63. c4 Rb1 64.
Kc6 Ka8 65. Nb5 1-0

[Event "Skakmot odlinga 2016"]
[Site "Faxafen 12, Reykjavik"]
[Date "2016.04.27"]
[Round "5.3"]
[White "Sigfusson, Sigurdur"]
[Black "Einarsson, Oskar Long"]
[Result "1-0"]
[WhiteElo "2299"]
[BlackElo "1691"]
[PlyCount "67"]
[EventDate "2016.03.30"]

1. e4 c5 2. Nf3 d6 3. d4 Nf6 4. Nc3 cxd4 5. Nxd4 a6 6. Bc4 e6 7. Bb3 Nbd7 8.
Be3 b5 9. f3 Qc7 10. Qd2 Nb6 11. Qe2 Bd7 12. a3 Rc8 13. g4 g6 14. g5 Nh5 15. f4
Nc4 16. Bxc4 Qxc4 17. O-O Bg7 18. Qf2 O-O 19. Rad1 Nxf4 20. Qxf4 e5 21. Qf2
exd4 22. Bxd4 Qe6 23. Bxg7 Kxg7 24. Qd4+ Kg8 25. Nd5 Qg4+ 26. Kh1 f5 27. gxf6
Kf7 28. Ne3 Qh4 29. Qd5+ Ke8 30. Ng2 Qg4 31. f7+ Kd8 32. Qxd6 Rxc2 33. Qf6+ Kc7
34. Qd6+ 1-0

[Event "Skakmot odlinga 2016"]
[Site "Faxafen 12, Reykjavik"]
[Date "2016.04.27"]
[Round "5.4"]
[White "Eliasson, Kristjan Orn"]
[Black "Sigurjonsson, Siguringi"]
[Result "0-1"]
[WhiteElo "1861"]
[BlackElo "1971"]
[PlyCount "76"]
[EventDate "2016.03.30"]

1. e4 c5 2. Nf3 d6 3. Nc3 Nf6 4. h3 g6 5. Bc4 Bg7 6. d3 O-O 7. Be3 Nc6 8. a3 e6
9. Bb3 b6 10. Qd2 d5 11. exd5 exd5 12. Bh6 Re8+ 13. Ne2 Qe7 14. Bxg7 Kxg7 15.
Kf1 Ba6 16. Ng3 c4 17. Ba2 Ne4 18. Nxe4 dxe4 19. Qc3+ Kg8 20. dxe4 Qxe4 21. Re1
Qd5 22. Rxe8+ Rxe8 23. Kg1 Re2 24. Qf6 Rxc2 25. Kh2 Qe6 26. Qf4 Rxf2 27. Qg3
Rxb2 28. Re1 Qd7 29. Bb1 c3 30. Be4 Bb7 31. Bxc6 Qxc6 32. Qb8+ Kg7 33. Qe5+ Qf6
34. Kg3 Qxe5+ 35. Nxe5 Rxg2+ 36. Kf4 Ra2 37. Nc4 Bd5 38. Ne3 Be6 0-1

[Event "Skakmot odlinga 2016"]
[Site "Faxafen 12, Reykjavik"]
[Date "2016.04.27"]
[Round "5.5"]
[White "Masson, Kjartan"]
[Black "Valtysson, Thor"]
[Result "1/2-1/2"]
[WhiteElo "1760"]
[BlackElo "1946"]
[PlyCount "65"]
[EventDate "2016.03.30"]

1. d4 d5 2. c4 c6 3. Nf3 Nf6 4. Nc3 dxc4 5. a4 Bf5 6. e3 e6 7. Bxc4 Bb4 8. O-O
O-O 9. Qb3 Qe7 10. Na2 Bd6 11. Nc3 Qc7 12. h3 Nbd7 13. Nh4 Bg6 14. Nxg6 hxg6
15. e4 e5 16. d5 a6 17. dxc6 Qxc6 18. Bd5 Nxd5 19. Nxd5 Nf6 20. Nxf6+ gxf6 21.
Qf3 Kg7 22. Be3 Rac8 23. Qg4 Qe8 24. Rfd1 Qe7 25. Rd5 Rfd8 26. Rad1 Bc7 27. Bc5
Qe8 28. Rd7 Rxd7 29. Rxd7 b6 30. Be3 b5 31. Rd5 Rd8 32. Rxd8 Qxd8 33. axb5
1/2-1/2

[Event "Skakmot odlinga 2016"]
[Site "Faxafen 12, Reykjavik"]
[Date "2016.04.27"]
[Round "5.6"]
[White "Kristjansson, Arni H"]
[Black "Gardarsson, Halldor"]
[Result "1-0"]
[WhiteElo "1894"]
[BlackElo "1788"]
[PlyCount "47"]
[EventDate "2016.03.30"]

1. e4 e5 2. Nf3 Nc6 3. Bb5 a6 4. Ba4 Nf6 5. O-O b5 6. Bb3 h6 7. d4 d6 8. dxe5
Nxe5 9. Nxe5 dxe5 10. Bxf7+ Ke7 11. Qxd8+ Kxd8 12. Be3 Bb7 13. f3 Bd6 14. Nc3
Ke7 15. Bb3 c6 16. Rfd1 Nd7 17. Kf2 Rhf8 18. Ne2 Nf6 19. Kg1 c5 20. c4 Bc6 21.
Ng3 Bd7 22. Rd2 Ra7 23. Rad1 Ne8 24. Rxd6 1-0

[Event "Skakmot odlinga 2016"]
[Site "Faxafen 12, Reykjavik"]
[Date "2016.04.27"]
[Round "5.7"]
[White "Haraldsson, Sigurjon"]
[Black "Jonasson, Hordur"]
[Result "1-0"]
[WhiteElo "1782"]
[BlackElo "1536"]
[PlyCount "37"]
[EventDate "2016.03.30"]

1. e4 c6 2. c4 d6 3. d4 g6 4. Be3 Bg7 5. Nc3 e5 6. Qd2 Qc7 7. O-O-O Ne7 8. f4
Bg4 9. Be2 Bxe2 10. Ngxe2 Nd7 11. c5 f6 12. cxd6 Qxd6 13. Qc2 Qc7 14. Qb3 O-O-O
15. Kb1 Rhf8 16. d5 cxd5 17. Nxd5 Qd6 18. Bxa7 Nxd5 19. Rxd5 1-0

[Event "Skakmot odlinga 2016"]
[Site "Faxafen 12, Reykjavik"]
[Date "2016.04.27"]
[Round "5.8"]
[White "Hreinsson, Arnthor"]
[Black "Ontiveros, John"]
[Result "0-1"]
[WhiteElo "1542"]
[BlackElo "1729"]
[PlyCount "120"]
[EventDate "2016.03.30"]

1. e4 e5 2. Nf3 Nc6 3. Bb5 d6 4. c3 a6 5. Ba4 Nf6 6. d3 Be7 7. h3 O-O 8. O-O
Ne8 9. Nbd2 f5 10. Bb3+ Kh8 11. a4 Nf6 12. Ng5 Qe8 13. exf5 Bxf5 14. Ne6 Bxe6
15. Bxe6 Qg6 16. Qe2 Nd8 17. Ba2 Nh5 18. Qg4 Qxg4 19. hxg4 Nf4 20. Bb1 Nde6 21.
Re1 Nc5 22. d4 Ncd3 23. Bxd3 Nxd3 24. Re3 Nxf2 25. Nf3 Nxg4 26. Re4 Nf6 27. Re2
e4 28. Ng5 d5 29. Bf4 Nh5 30. Be3 Bxg5 31. Bxg5 Nf4 32. Rf2 Ne6 33. Be3 Rxf2
34. Kxf2 Rf8+ 35. Kg3 g5 36. a5 Kg7 37. Kg4 Kg6 38. g3 Rf3 39. Re1 h5+ 40. Kh3
Ng7 41. Kg2 Nf5 42. Bf2 g4 43. Rc1 e3 44. Be1 Nd6 45. b3 Kf5 46. c4 dxc4 47.
bxc4 c6 48. d5 cxd5 49. cxd5 Ke4 50. Bb4 Rf6 51. Rc7 Kxd5 52. Bxd6 Kxd6 53.
Rxb7 Kd5 54. Rb6 Rf7 55. Rb8 Ke4 56. Re8+ Kd3 57. Rd8+ Ke2 58. Rd6 Rf2+ 59. Kg1
Kf3 60. Rd3 Ra2 0-1